<?xml version="1.0" encoding="UTF-8"?>
<record
    xmlns:xsi="http://www.w3.org/2001/XMLSchema-instance"
    xsi:schemaLocation="http://www.loc.gov/MARC21/slim http://www.loc.gov/standards/marcxml/schema/MARC21slim.xsd"
    xmlns="http://www.loc.gov/MARC21/slim">

  <leader>01411nam a2200181   4500</leader>
  <controlfield tag="001">1885</controlfield>
  <controlfield tag="005">20230411085951.0</controlfield>
  <controlfield tag="008">060907n2001    dr                  spa  </controlfield>
  <datafield tag="020" ind1=" " ind2=" ">
    <subfield code="a">9688569224</subfield>
  </datafield>
  <datafield tag="035" ind1=" " ind2=" ">
    <subfield code="9">funglode1893</subfield>
  </datafield>
  <datafield tag="041" ind1=" " ind2=" ">
    <subfield code="a">ES</subfield>
  </datafield>
  <datafield tag="100" ind1=" " ind2=" ">
    <subfield code="a">Fornet-Betancourt, Ra&#xFA;l</subfield>
  </datafield>
  <datafield tag="245" ind1="1" ind2=" ">
    <subfield code="a">Transformaciones del marxismo :</subfield>
    <subfield code="b">Historia del marxismo en Am&#xE9;rica Latina /</subfield>
    <subfield code="c">Ra&#xFA;l Fornet-Betancourt</subfield>
  </datafield>
  <datafield tag="260" ind1=" " ind2=" ">
    <subfield code="a">M&#xE9;xico :</subfield>
    <subfield code="b">Universidad Aut&#xF3;noma de Nuevo Le&#xF3;n; Plaza y Vald&#xE9;s Editores,</subfield>
    <subfield code="c">2001      </subfield>
  </datafield>
  <datafield tag="300" ind1=" " ind2=" ">
    <subfield code="a">417 p.</subfield>
  </datafield>
  <datafield tag="520" ind1=" " ind2=" ">
    <subfield code="a">Etapa preparatoria o de confusa difusi&#xF3;n del marxismo como programa socialista (1861-1883), 15. -- Etapa del inicial deslinde ideol&#xF3;gico o la recepci&#xF3;n del marxismo en el conflicto de los socialismos (1884-1917), 35. -- Etapa de la implantaci&#xF3;n ortodoxa o de la recepci&#xF3;n del marxismo a trav&#xE9;s de los partidos comunistas latinoamericanos (1918/1919- 1929), 71. -- Etapa del intento de naturalizar el marxismo en Am&#xE9;rica Latina o la significaci&#xF3;n de la obra de Jos&#xE9; Carlos Mari&#xE1;tegui (1928-1930), 123. -- Etapa de las primeras pol&#xE9;micas filos&#xF3;ficas sobre el marxismo o su incorporaci&#xF3;n al movimiento filos&#xF3;fico latinoamericano (1930-1940), 167. -- Etapa stalinista o &#xE9;poca del estancamiento dogm&#xE1;tico del marxismo (1941-1958), 225. -- Etapa de los nuevos intentos de naturalizar el marxismo en Am&#xE9;rica Latina o fase actual (1959-1991), 267</subfield>
  </datafield>
  <datafield tag="942" ind1=" " ind2=" ">
    <subfield code="2">lcc</subfield>
    <subfield code="c">bk</subfield>
  </datafield>
  <datafield tag="999" ind1=" " ind2=" ">
    <subfield code="c">110153</subfield>
    <subfield code="d">110153</subfield>
  </datafield>
  <datafield tag="952" ind1=" " ind2=" ">
    <subfield code="0">0</subfield>
    <subfield code="1">0</subfield>
    <subfield code="2">lcc</subfield>
    <subfield code="4">0</subfield>
    <subfield code="7">0</subfield>
    <subfield code="8">APT</subfield>
    <subfield code="a">BJB</subfield>
    <subfield code="b">BJB</subfield>
    <subfield code="c">APT</subfield>
    <subfield code="d">2019-02-17</subfield>
    <subfield code="l">0</subfield>
    <subfield code="p">00020021456</subfield>
    <subfield code="r">2019-02-17 00:00:00</subfield>
    <subfield code="t">1</subfield>
    <subfield code="w">2019-02-17</subfield>
    <subfield code="y">bk</subfield>
  </datafield>
</record>
